Essentials of Virology in Crop Production (Record no. 2113)

MARC details
000 -LEADER
fixed length control field 00355nam a22001337a 4500
008 - FIXED-LENGTH DATA ELEMENTS--GENERAL INFORMATION
fixed length control field 250306b |||||||| |||| 00| 0 eng d
020 ## - INTERNATIONAL STANDARD BOOK NUMBER
ISBN 9789395449106
100 ## - MAIN ENTRY--AUTHOR
Author Balwan Walied Khawar
245 ## - TITLE STATEMENT
Title Essentials of Virology in Crop Production
260 ## - PUBLICATION, DISTRIBUTION, ETC. (IMPRINT)
Place of publication New Delhi
Name of publisher Pinakin Publishing
Date of publication 2023
300 ## - COLLATION
Pagination xiv,318p
942 ## - ADDED ENTRY ELEMENTS (KOHA)
Item type Books
050 ## - LIBRARY OF CONGRESS CALL NUMBER
Classification number SB736
Item number .B35
Holdings
Source of classification or shelving scheme Not for loan Permanent location Current location Date acquired Accession No. Full call number Barcode. Koha item type
Library of Congress Classification   Samuel Ogbemudia Main Library, University of Abuja Samuel Ogbemudia Main Library, University of Abuja 03/06/2025 2024/62090 SB736.B35 2025-0299 Books